000 00379nam a2200145Ia 4500
008 230718s9999 xx 000 0 und d
041 _aEng.
082 _a3460
_bمیا-
100 _aمیاں انعام الحق
245 0 _a کا رواں و وارڈز ایکٹ
260 _aPakistan
_bمنصور یک ماریں
_c1996
300 _a176
650 _aLaw
999 _c29320
_d29320